| 000 | 00608nam a2200193 a 4500 | ||
|---|---|---|---|
| 005 | 20210223121409.0 | ||
| 008 | 991125s1980 par 000 0 fre u | ||
| 035 | _aUPN01000016992 | ||
| 049 | _aCG | ||
| 050 | 4 |
_aLA699 _bM5.3 |
|
| 100 | 1 | _aMillot, Benoit | |
| 245 | 1 | 3 |
_aL'economie de l'enseignement supérieur / _cBeinot Millot, Francois Orivel ; pref. J. C. Eicher |
| 260 |
_aParís : _bCujas, _c1980. |
||
| 300 | _a400 p. | ||
| 440 | 0 |
_aConnaissances économiques ; _v19 |
|
| 650 | 4 |
_aEDUCACION SUPERIOR - _xASPECTOS ECONOMICOS - _zFRANCIA _99183 |
|
| 700 | 1 |
_aOrivel, Francois, _ecoaut. |
|
| 905 | _aLibro | ||
| 999 |
_c16992 _d16992 |
||